00854nam a2200193Ia 4500003000900000008004100009020001800050040001600068080002300084100001700107111009500124245024700219260004900466300001000515490005100525650004100576650002800617700001500645IN-BaIIA211028s9999 xx 000 0 eng d a3-923524-18-8 cIIA Library a520.18(082.2)bESO aArdeberg, A. aESO Workshop on Site Testing for Future Large TelescopescLa Silla, Munchend1983 Oct. 4-6 0aESO workshop on site testing for future large telescopesbproceedings of ESO workshop on site testing for future large telescopes, held in La Silla, October 4-6, 1983cA. Ardeberg and L. Woltjer  aGermanybEuropean Southern Observatoryc1984 a207p. aESO conference and workshop proceedings; no.18 aAstronomy and astrophysics thesaurus aTelescopes site testing aWoltjer, L